Handbook of rubber technology (Record no. 41429)

MARC details
000 -LEADER
fixed length control field 00812nam a2200301Ia 4500
082 ## - DEWEY DECIMAL CLASSIFICATION NUMBER
Classification number NR:62(035)
Item number BLO;1
100 ## - MAIN ENTRY--AUTHOR NAME
Personal name Blow, Steven
245 #0 - TITLE STATEMENT
Title Handbook of rubber technology
260 ## - PUBLICATION, DISTRIBUTION, ETC. (IMPRINT)
Place of publication New Delhi
Name of publisher Galgotia Publications
Year of publication 1998
650 ## - SUBJECT ADDED ENTRY--TOPICAL TERM
Topical Term EPDM
650 ## - SUBJECT ADDED ENTRY--TOPICAL TERM
Topical Term Fluorocarbon elastomers
650 ## - SUBJECT ADDED ENTRY--TOPICAL TERM
Topical Term Latex foam
650 ## - SUBJECT ADDED ENTRY--TOPICAL TERM
Topical Term Latex processing
650 ## - SUBJECT ADDED ENTRY--TOPICAL TERM
Topical Term Polymerisation
650 ## - SUBJECT ADDED ENTRY--TOPICAL TERM
Topical Term Reclaimed rubber
650 ## - SUBJECT ADDED ENTRY--TOPICAL TERM
Topical Term Rubber blends
650 ## - SUBJECT ADDED ENTRY--TOPICAL TERM
Topical Term Rubber compounding
650 ## - SUBJECT ADDED ENTRY--TOPICAL TERM
Topical Term Rubber engineering
650 ## - SUBJECT ADDED ENTRY--TOPICAL TERM
Topical Term Rubber goods
650 ## - SUBJECT ADDED ENTRY--TOPICAL TERM
Topical Term Rubber history
650 ## - SUBJECT ADDED ENTRY--TOPICAL TERM
Topical Term Rubber quality control
650 ## - SUBJECT ADDED ENTRY--TOPICAL TERM
Topical Term Rubber reinforcement
650 ## - SUBJECT ADDED ENTRY--TOPICAL TERM
Topical Term Rubber waste recycling
650 ## - SUBJECT ADDED ENTRY--TOPICAL TERM
Topical Term Silicone rubber
650 ## - SUBJECT ADDED ENTRY--TOPICAL TERM
Topical Term Styrene butadiene rubber
650 ## - SUBJECT ADDED ENTRY--TOPICAL TERM
Topical Term Thermoplastic elastomers
942 ## - ADDED ENTRY ELEMENTS (KOHA)
Koha item type Books
Holdings
Withdrawn status Lost status Damaged status Not for loan Home library Current library Date acquired Cost, normal purchase price Full call number Accession Number Koha item type
        RRII Library RRII Library 16/12/2021 1900.00 NR:62 BLO;1 21716 Books